000 00704nac a22002051u 4500
008 090423s1992 ii i |r|||| 001 0 eng d
020 _a8170080843
020 _a9788170080848
082 _a627.52
_bPUN
_222
100 _aPunmia, B.C.
_94180
245 _aIrrigation and Water Power Enginering /
_cBy B.C. Punmia and Pande Brij Basi Lal
250 _a12th ed. ,
_bThoroughly revised and enlarged
260 _aNew Delhi :
_bLaxmi Publications,
_c1992
300 _a986 p. :
_bill. ;
_c23 cm.
500 _aIncludes index.
650 _aIrrigation engineering.
_96511
650 _aWater-supply engineering.
_94182
700 _aPande, Brij Basi Lal.
_94183
942 _cNB
_k627.52PUN
_2ddc
999 _c1005
_d1005